<?xml version="1.0" encoding="UTF-8"?>
<record
    xmlns:xsi="http://www.w3.org/2001/XMLSchema-instance"
    xsi:schemaLocation="http://www.loc.gov/MARC21/slim http://www.loc.gov/standards/marcxml/schema/MARC21slim.xsd"
    xmlns="http://www.loc.gov/MARC21/slim">

  <leader>01944nam a22003137a 4500</leader>
  <controlfield tag="001">8700</controlfield>
  <controlfield tag="003">FISKH</controlfield>
  <controlfield tag="005">20251013094224.0</controlfield>
  <controlfield tag="008">251013b        cb ||||| |||| 00| 0 eng d</controlfield>
  <datafield tag="020" ind1=" " ind2=" ">
    <subfield code="a">9789996301988</subfield>
  </datafield>
  <datafield tag="040" ind1=" " ind2=" ">
    <subfield code="a">FISKH</subfield>
    <subfield code="b">khr</subfield>
    <subfield code="c">FISKH</subfield>
    <subfield code="d">FISKH</subfield>
  </datafield>
  <datafield tag="050" ind1=" " ind2=" ">
    <subfield code="a">PZ7</subfield>
  </datafield>
  <datafield tag="082" ind1=" " ind2=" ">
    <subfield code="a">920.0596</subfield>
  </datafield>
  <datafield tag="100" ind1=" " ind2=" ">
    <subfield code="a">Sotheary, Kimsun</subfield>
  </datafield>
  <datafield tag="245" ind1=" " ind2=" ">
    <subfield code="a">&#x1794;&#x17D2;&#x179A;&#x179C;&#x178F;&#x17D2;&#x178F;&#x17B7;&#x178A;&#x17BC;&#x1793;&#x1796;&#x17C1;&#x1789; :</subfield>
    <subfield code="b">History of lady Penh /</subfield>
    <subfield code="c">&#x17A2;&#x17D2;&#x1793;&#x1780;&#x179F;&#x17D2;&#x179A;&#x17B8; &#x1782;&#x17B9;&#x1798;&#x179F;&#x17CA;&#x17BB;&#x1793; &#x179F;&#x17BB;&#x1792;&#x17B6;&#x179A;&#x17B8;, &#x179B;&#x17C4;&#x1780;&#x200B; &#x1792;&#x17B8; &#x1785;&#x17B6;&#x1793;&#x17CB;&#x1790;&#x1793; &#x1793;&#x17B7;&#x1784;&#x1780;&#x1789;&#x17D2;&#x1789;&#x17B6; &#x179C;&#x17C9;&#x17B6;&#x178F; &#x1785;&#x179A;&#x17B7;&#x1799;&#x17B6;</subfield>
  </datafield>
  <datafield tag="260" ind1=" " ind2=" ">
    <subfield code="a">Phnom Penh : </subfield>
    <subfield code="b">Reading Books , </subfield>
    <subfield code="c">2013.</subfield>
  </datafield>
  <datafield tag="300" ind1=" " ind2=" ">
    <subfield code="a">24 pages :</subfield>
    <subfield code="b">color illustrations ;</subfield>
    <subfield code="c">25 cm . </subfield>
  </datafield>
  <datafield tag="490" ind1=" " ind2=" ">
    <subfield code="a">&#x1796;&#x17B7;&#x1797;&#x1796;&#x179A;&#x17BF;&#x1784;&#x1793;&#x17B7;&#x1791;&#x17B6;&#x1793;</subfield>
  </datafield>
  <datafield tag="505" ind1=" " ind2=" ">
    <subfield code="a">R 
</subfield>
  </datafield>
  <datafield tag="520" ind1=" " ind2=" ">
    <subfield code="a">&#x1793;&#x17C5;&#x1786;&#x17D2;&#x1793;&#x17B6;&#x17C6; &#x17E1;&#x17E3;&#x17E7;&#x17E2; &#x1782;.&#x179F;. &#x178A;&#x17BC;&#x1793;&#x1796;&#x17C1;&#x1789; &#x1794;&#x17B6;&#x1793;&#x179A;&#x1780;&#x1783;&#x17BE;&#x1789;&#x179A;&#x17BC;&#x1794;&#x1796;&#x17D2;&#x179A;&#x17C7;&#x1796;&#x17BB;&#x1791;&#x17D2;&#x1792;&#x1794;&#x17D2;&#x179A;&#x17B6;&#x17C6;&#x17A2;&#x1784;&#x17D2;&#x1782; &#x1793;&#x17C5;&#x1780;&#x17D2;&#x1793;&#x17BB;&#x1784;&#x179B;&#x17C6;&#x178A;&#x17B6;&#x1794;&#x17CB;&#x1788;&#x17BE;&#x1798;&#x17BD;&#x1799;&#x17D4; &#x1794;&#x1793;&#x17D2;&#x1791;&#x17B6;&#x1794;&#x17CB;&#x1798;&#x1780; &#x17A2;&#x17D2;&#x1793;&#x1780;&#x1794;&#x17B6;&#x1793;&#x17A0;&#x17C5;&#x17A2;&#x17D2;&#x1793;&#x1780;&#x1787;&#x17B7;&#x178F;&#x1781;&#x17B6;&#x1784;&#x1798;&#x1780;&#x1787;&#x17BD;&#x1799;&#x1782;&#x17D2;&#x1793;&#x17B6;&#x1794;&#x17BC;&#x1798;&#x1797;&#x17D2;&#x1793;&#x17C6;&#x1793;&#x17B7;&#x1784;&#x179F;&#x1784;&#x17CB;&#x179F;&#x17B6;&#x179A;&#x1798;&#x1793;&#x17D2;&#x1791;&#x17B8;&#x179A;&#x1798;&#x17BD;&#x1799; &#x178A;&#x17BE;&#x1798;&#x17D2;&#x1794;&#x17B8;&#x178A;&#x17B6;&#x1780;&#x17CB;&#x179A;&#x17BC;&#x1794;&#x1796;&#x17D2;&#x179A;&#x17C7;&#x1796;&#x17BB;&#x1791;&#x17D2;&#x1792;&#x1791;&#x17B6;&#x17C6;&#x1784;&#x1793;&#x17C4;&#x17C7;&#x17D4; &#x1797;&#x17D2;&#x1793;&#x17C6;&#x1793;&#x17C4;&#x17C7;&#x178F;&#x17D2;&#x179A;&#x17BC;&#x179C;&#x1794;&#x17B6;&#x1793;&#x178A;&#x17B6;&#x1780;&#x17CB;&#x1788;&#x17D2;&#x1798;&#x17C4;&#x17C7;&#x178F;&#x17B6;&#x1798;&#x1788;&#x17D2;&#x1798;&#x17C4;&#x17C7;&#x179A;&#x1794;&#x179F;&#x17CB;&#x178A;&#x17BC;&#x1793; &#x1782;&#x17BA; &#x201C;&#x1797;&#x17D2;&#x1793;&#x17C6;&#x1796;&#x17C1;&#x1789;&#x201D;&#x17D4;</subfield>
  </datafield>
  <datafield tag="520" ind1=" " ind2=" ">
    <subfield code="a">In 1372 AD, Granny Penh found five Buddha statues in the tree trunk; then she gathered her neigbors to mound the hill and built the shrine to place the statues there. That hill was named after her which was call Phnom Penh (Penh mountain) .
</subfield>
  </datafield>
  <datafield tag="521" ind1="8" ind2=" ">
    <subfield code="a">700 
</subfield>
    <subfield code="b">Lexile estimate 
</subfield>
  </datafield>
  <datafield tag="521" ind1="8" ind2=" ">
    <subfield code="a">R 
</subfield>
    <subfield code="b">Raz-Plus 
</subfield>
  </datafield>
  <datafield tag="650" ind1=" " ind2=" ">
    <subfield code="a">&#x1794;&#x17D2;&#x179A;&#x179C;&#x178F;&#x17D2;&#x178F;&#x17B7;&#x178A;&#x17BC;&#x1793;&#x1796;&#x17C1;&#x1789; </subfield>
  </datafield>
  <datafield tag="650" ind1=" " ind2=" ">
    <subfield code="a">History of lady Penh /</subfield>
  </datafield>
  <datafield tag="700" ind1=" " ind2=" ">
    <subfield code="a">Vichit, Prom </subfield>
    <subfield code="e">Illustrator </subfield>
  </datafield>
  <datafield tag="942" ind1=" " ind2=" ">
    <subfield code="2">ddc</subfield>
    <subfield code="c">KHB</subfield>
    <subfield code="n">0</subfield>
  </datafield>
  <datafield tag="999" ind1=" " ind2=" ">
    <subfield code="c">8700</subfield>
    <subfield code="d">8700</subfield>
  </datafield>
  <datafield tag="952" ind1=" " ind2=" ">
    <subfield code="0">0</subfield>
    <subfield code="1">0</subfield>
    <subfield code="2">ddc</subfield>
    <subfield code="4">0</subfield>
    <subfield code="7">0</subfield>
    <subfield code="8">Khmer-English Bilingual </subfield>
    <subfield code="a">002</subfield>
    <subfield code="b">002</subfield>
    <subfield code="c">TTP Khmer</subfield>
    <subfield code="d">2025-10-13</subfield>
    <subfield code="l">0</subfield>
    <subfield code="o">SOT PZ7 920.0596</subfield>
    <subfield code="p">FIS05050</subfield>
    <subfield code="r">2025-10-13 09:42:20</subfield>
    <subfield code="t">1</subfield>
    <subfield code="w">2025-10-13</subfield>
    <subfield code="y">KHB</subfield>
  </datafield>
  <datafield tag="952" ind1=" " ind2=" ">
    <subfield code="0">0</subfield>
    <subfield code="1">0</subfield>
    <subfield code="2">ddc</subfield>
    <subfield code="4">0</subfield>
    <subfield code="7">0</subfield>
    <subfield code="8">Khmer-English Bilingual </subfield>
    <subfield code="a">002</subfield>
    <subfield code="b">002</subfield>
    <subfield code="c">TTP Khmer</subfield>
    <subfield code="d">2025-10-13</subfield>
    <subfield code="l">1</subfield>
    <subfield code="o">SOT PZ7 920.0596</subfield>
    <subfield code="p">FIS04326</subfield>
    <subfield code="q">2026-03-11</subfield>
    <subfield code="r">2026-02-25 14:08:01</subfield>
    <subfield code="s">2026-02-25</subfield>
    <subfield code="t">2</subfield>
    <subfield code="w">2025-10-13</subfield>
    <subfield code="y">KHB</subfield>
  </datafield>
  <datafield tag="952" ind1=" " ind2=" ">
    <subfield code="0">0</subfield>
    <subfield code="1">0</subfield>
    <subfield code="2">ddc</subfield>
    <subfield code="4">0</subfield>
    <subfield code="7">0</subfield>
    <subfield code="8">Khmer-English Bilingual </subfield>
    <subfield code="a">002</subfield>
    <subfield code="b">002</subfield>
    <subfield code="c">TTP Khmer</subfield>
    <subfield code="d">2026-04-09</subfield>
    <subfield code="l">0</subfield>
    <subfield code="o">SOT PZ7 920.0596</subfield>
    <subfield code="p">FIS04270</subfield>
    <subfield code="r">2026-04-09 15:16:04</subfield>
    <subfield code="t">3</subfield>
    <subfield code="w">2026-04-09</subfield>
    <subfield code="y">KHB</subfield>
  </datafield>
</record>
